Logo BPK

Biblioteka

Politechniki Koszalińskiej

Metody pribliżennogo rešenija differencialnyh i integral'nyh uravnenij / (Rekord nr 26572)

Szczegóły MARC
000 -ETYKIETA REKORDU
podpole kontrolne o stałej długości 00633nam a2200193 i 4500
001 - NUMER KONTROLNY REKORDU
pole kontrolne bg
003 - IDENTYFIKATOR NUMERU KONTROLNEGO REKORDU
podpole kontrolne BPK
005 - DATA OSTATNIEJ MODYFIKACJI REKORDU
podpole kontrolne 20190731111324.0
008 - POLE O STAŁEJ DŁUGOŚCI - DANE KONTROLNE
podpole kontrolne o stałej długości 940404s1973 un f |000 0 rusod
040 ## - ŹRÓDŁO KATALOGOWANIA
Instytucja, która utworzyła rekord BPK
080 ## - UNIWERSALNA KLASYFIKACJA DZIESIĘTNA - UKD
UKD 517.9
245 00 - TYTUŁ/ODPOWIEDZIALNOŚĆ
Tytuł Metody pribliżennogo rešenija differencialnyh i integral'nyh uravnenij /
Pozostałe elementy strefy tytułu i oznaczenia odpowiedzialności otvetstv. red. Û. A. Mitropolskij, A. Û. Lučka.
260 ## - STREFA ADRESU WYDAWNICZEGO
Miejsce wydania Kiev :
Nazwa wydawcy/dystrybutora Institut Matematiki AN USSR,
Data publikacji, dystrybucji/powstania dokumentu 1973.
300 ## - STREFA OPISU FIZYCZNEGO
Objętość 373 s. ;
Rozmiary 20 cm.
650 #4 - HASŁO PRZEDMIOTOWE W FORMIE NAZWY OGÓLNEJ LUB JEDNOSTKOWEJ
Nazwa ogólna lub geograficzna Równania różniczkowe
700 1# - HASŁO DODATKOWE - NAZWA OSOBOWA
Nazwa osobowa Mitropolskij, Ûrij Alekseevič
Daty związane z nazwą (1917- ).
Określenie związku między hasłem a opisywanym materiałem Red.
700 1# - HASŁO DODATKOWE - NAZWA OSOBOWA
Nazwa osobowa Lučka, A. Û.
Daty związane z nazwą Red.
942 ## - DODATKOWE ELEMENTY (KOHA)
Typ dokumentu Książka
Schemat klasyfikacji Uniwersalna Klasyfikacja Dziesiętna
Egzemplarze
Wycofany Status egzemplarza Uszkodzony Dostępność Lokalizacja stała Lokalizacja bieżąca Miejsce przechowywania Sygnatura Kod kreskowy Typ dokumentu
      Dostępny Biblioteka Politechniki Koszalińskiej Biblioteka Politechniki Koszalińskiej Wypożyczalnia BG 18028 01716153 Książka
© 2023 Biblioteka Politechniki Koszalińskiej :: KOHA